000 00314nam a22001097a 4500
082 _a500
100 _aPW
_983076
245 _aNEET UG 12 years 2013-2024 Chapter Wise & Topic Wise Solved Papers
_bPhysics,Chemistry And Biology
260 _bPhysics Wallah Publication
_c2024
650 _aScience
942 _cC. BOOKS
999 _c67843
_d67843